000 00513nam a2200217Ia 4500
008 220204s9999 xx 000 0 und d
082 _a579
_bKEL
100 _aHITE, K Eileen
245 0 _aMicrobiology
260 _aNew York
_bAppleton Century Crofts
_c1949
650 _aAlgae
650 _aBacteria
650 _aBacterial physiology
650 _aEpidemiology
650 _aFungi
650 _aMicrobiology
650 _aProtozoa
650 _aVirus
700 _aKELLY, Florine C
942 _cBK
999 _c19653
_d19653